Sports Quiz

Random Sports or NBA Quiz
Score 0/150 Timer 11:00
0 Plays Today
Season Player % Correct
(2015/16) - TOP 5 ReboundsNikola Jokic
100%
(2015/16) - TOP 5 AssistsNikola Jokic
100%
(2016/17) - TOP 5 PointsNikola Jokic
100%
(2016/17) - TOP 5 ReboundsNikola Jokic
100%
(2016/17) - TOP 5 AssistsNikola Jokic
100%
(2017/18) - TOP 5 PointsNikola Jokic
100%
(2017/18) - TOP 5 ReboundsNikola Jokic
100%
(2017/18) - TOP 5 AssistsNikola Jokic
100%
(2018/19) - TOP 5 PointsNikola Jokic
100%
(2018/19) - TOP 5 ReboundsNikola Jokic
100%
(2018/19) - TOP 5 AssistsNikola Jokic
100%
(2016/17) - TOP 5 AssistsJamal Murray
97.5%
(2017/18) - TOP 5 PointsJamal Murray
97.5%
(2017/18) - TOP 5 AssistsJamal Murray
97.5%
(2018/19) - TOP 5 PointsJamal Murray
97.5%
(2018/19) - TOP 5 ReboundsJamal Murray
97.5%
(2018/19) - TOP 5 AssistsJamal Murray
97.5%
(2009/10) - TOP 5 PointsCarmelo Anthony
96.3%
(2009/10) - TOP 5 ReboundsCarmelo Anthony
96.3%
(2009/10) - TOP 5 AssistsCarmelo Anthony
96.3%
(2010/11) - TOP 5 PointsCarmelo Anthony
96.3%
(2010/11) - TOP 5 ReboundsCarmelo Anthony
96.3%
(2015/16) - TOP 5 PointsGary Harris
96.3%
(2015/16) - TOP 5 AssistsGary Harris
96.3%
(2016/17) - TOP 5 PointsGary Harris
96.3%
(2017/18) - TOP 5 PointsGary Harris
96.3%
(2017/18) - TOP 5 AssistsGary Harris
96.3%
(2009/10) - TOP 5 AssistsTy Lawson
95.1%
(2010/11) - TOP 5 PointsTy Lawson
95.1%
(2010/11) - TOP 5 AssistsTy Lawson
95.1%
(2011/12) - TOP 5 PointsTy Lawson
95.1%
(2011/12) - TOP 5 ReboundsTy Lawson
95.1%
(2011/12) - TOP 5 AssistsTy Lawson
95.1%
(2012/13) - TOP 5 PointsTy Lawson
95.1%
(2012/13) - TOP 5 AssistsTy Lawson
95.1%
(2013/14) - TOP 5 PointsTy Lawson
95.1%
(2013/14) - TOP 5 AssistsTy Lawson
95.1%
(2014/15) - TOP 5 PointsTy Lawson
95.1%
(2014/15) - TOP 5 AssistsTy Lawson
95.1%
(2018/19) - TOP 5 PointsPaul Millsap
93.8%
(2018/19) - TOP 5 ReboundsPaul Millsap
93.8%
(2018/19) - TOP 5 AssistsPaul Millsap
93.8%
(2015/16) - TOP 5 PointsWill Barton
88.9%
(2015/16) - TOP 5 ReboundsWill Barton
88.9%
(2015/16) - TOP 5 AssistsWill Barton
88.9%
(2016/17) - TOP 5 PointsWill Barton
88.9%
(2016/17) - TOP 5 AssistsWill Barton
88.9%
(2017/18) - TOP 5 PointsWill Barton
88.9%
(2017/18) - TOP 5 ReboundsWill Barton
88.9%
(2017/18) - TOP 5 AssistsWill Barton
88.9%
Season Player % Correct
(2011/12) - TOP 5 ReboundsKenneth Faried
87.7%
(2012/13) - TOP 5 PointsKenneth Faried
87.7%
(2012/13) - TOP 5 ReboundsKenneth Faried
87.7%
(2013/14) - TOP 5 PointsKenneth Faried
87.7%
(2013/14) - TOP 5 ReboundsKenneth Faried
87.7%
(2014/15) - TOP 5 PointsKenneth Faried
87.7%
(2014/15) - TOP 5 ReboundsKenneth Faried
87.7%
(2015/16) - TOP 5 PointsKenneth Faried
87.7%
(2015/16) - TOP 5 ReboundsKenneth Faried
87.7%
(2016/17) - TOP 5 ReboundsKenneth Faried
87.7%
(2011/12) - TOP 5 PointsDanilo Gallinari
84%
(2011/12) - TOP 5 AssistsDanilo Gallinari
84%
(2012/13) - TOP 5 PointsDanilo Gallinari
84%
(2012/13) - TOP 5 ReboundsDanilo Gallinari
84%
(2012/13) - TOP 5 AssistsDanilo Gallinari
84%
(2014/15) - TOP 5 PointsDanilo Gallinari
84%
(2015/16) - TOP 5 PointsDanilo Gallinari
84%
(2016/17) - TOP 5 PointsDanilo Gallinari
84%
(2016/17) - TOP 5 ReboundsDanilo Gallinari
84%
(2017/18) - TOP 5 ReboundsMason Plumlee
82.7%
(2018/19) - TOP 5 ReboundsMason Plumlee
82.7%
(2018/19) - TOP 5 AssistsMason Plumlee
82.7%
(2009/10) - TOP 5 PointsJ.R. Smith
81.5%
(2009/10) - TOP 5 AssistsJ.R. Smith
81.5%
(2010/11) - TOP 5 PointsJ.R. Smith
81.5%
(2010/11) - TOP 5 ReboundsJ.R. Smith
81.5%
(2010/11) - TOP 5 AssistsJ.R. Smith
81.5%
(2013/14) - TOP 5 PointsWilson Chandler
80.2%
(2013/14) - TOP 5 ReboundsWilson Chandler
80.2%
(2013/14) - TOP 5 AssistsWilson Chandler
80.2%
(2014/15) - TOP 5 PointsWilson Chandler
80.2%
(2014/15) - TOP 5 ReboundsWilson Chandler
80.2%
(2014/15) - TOP 5 AssistsWilson Chandler
80.2%
(2016/17) - TOP 5 PointsWilson Chandler
80.2%
(2016/17) - TOP 5 ReboundsWilson Chandler
80.2%
(2017/18) - TOP 5 PointsWilson Chandler
80.2%
(2017/18) - TOP 5 ReboundsWilson Chandler
80.2%
(2017/18) - TOP 5 AssistsWilson Chandler
80.2%
(2009/10) - TOP 5 PointsChauncey Billups
79%
(2009/10) - TOP 5 AssistsChauncey Billups
79%
(2010/11) - TOP 5 AssistsChauncey Billups
79%
(2018/19) - TOP 5 PointsMonte Morris
70.4%
(2018/19) - TOP 5 AssistsMonte Morris
70.4%
(2014/15) - TOP 5 ReboundsJusuf Nurkic
69.1%
(2016/17) - TOP 5 ReboundsJusuf Nurkic
69.1%
(2011/12) - TOP 5 PointsAndre Miller
61.7%
(2011/12) - TOP 5 ReboundsAndre Miller
61.7%
(2011/12) - TOP 5 AssistsAndre Miller
61.7%
(2012/13) - TOP 5 AssistsAndre Miller
61.7%
(2018/19) - TOP 5 PointsMalik Beasley
60.5%
Season Player % Correct
(2009/10) - TOP 5 PointsArron Afflalo
55.6%
(2009/10) - TOP 5 ReboundsArron Afflalo
55.6%
(2010/11) - TOP 5 PointsArron Afflalo
55.6%
(2010/11) - TOP 5 AssistsArron Afflalo
55.6%
(2011/12) - TOP 5 PointsArron Afflalo
55.6%
(2011/12) - TOP 5 AssistsArron Afflalo
55.6%
(2012/13) - TOP 5 PointsAndre Iguodala
55.6%
(2012/13) - TOP 5 ReboundsAndre Iguodala
55.6%
(2012/13) - TOP 5 AssistsAndre Iguodala
55.6%
(2014/15) - TOP 5 PointsArron Afflalo
55.6%
(2014/15) - TOP 5 AssistsArron Afflalo
55.6%
(2009/10) - TOP 5 PointsNene Hilario
54.3%
(2009/10) - TOP 5 ReboundsNene Hilario
54.3%
(2009/10) - TOP 5 AssistsNene Hilario
54.3%
(2010/11) - TOP 5 PointsNene Hilario
54.3%
(2010/11) - TOP 5 ReboundsNene Hilario
54.3%
(2010/11) - TOP 5 AssistsNene Hilario
54.3%
(2009/10) - TOP 5 ReboundsKenyon Martin
50.6%
(2010/11) - TOP 5 ReboundsKenyon Martin
50.6%
(2013/14) - TOP 5 ReboundsTimofey Mozgov
48.1%
(2014/15) - TOP 5 ReboundsTimofey Mozgov
48.1%
(2014/15) - TOP 5 AssistsJameer Nelson
48.1%
(2015/16) - TOP 5 AssistsJameer Nelson
48.1%
(2016/17) - TOP 5 AssistsJameer Nelson
48.1%
(2012/13) - TOP 5 ReboundsJaVale McGee
46.9%
(2018/19) - TOP 5 ReboundsJuan Hernangomez
46.9%
(2015/16) - TOP 5 PointsEmmanuel Mudiay
42%
(2015/16) - TOP 5 AssistsEmmanuel Mudiay
42%
(2016/17) - TOP 5 AssistsEmmanuel Mudiay
42%
(2009/10) - TOP 5 ReboundsChris Andersen
40.7%
(2013/14) - TOP 5 AssistsEvan Fournier/Nate Robinson
39.5%
(2013/14) - TOP 5 PointsJ.J. Hickson
32.1%
(2013/14) - TOP 5 ReboundsJ.J. Hickson
32.1%
(2014/15) - TOP 5 ReboundsJ.J. Hickson
32.1%
(2011/12) - TOP 5 AssistsAl Harrington/Corey Brewer
29.6%
(2015/16) - TOP 5 ReboundsDarrell Arthur
28.4%
(2013/14) - TOP 5 PointsRandy Foye
27.2%
(2013/14) - TOP 5 ReboundsRandy Foye
27.2%
(2013/14) - TOP 5 AssistsRandy Foye
27.2%
(2014/15) - TOP 5 AssistsRandy Foye
27.2%
(2011/12) - TOP 5 ReboundsKosta Koufos
25.9%
(2012/13) - TOP 5 ReboundsKosta Koufos
25.9%
(2010/11) - TOP 5 ReboundsAl Harrington
24.7%
(2011/12) - TOP 5 PointsAl Harrington
24.7%
(2011/12) - TOP 5 ReboundsAl Harrington
24.7%
(2017/18) - TOP 5 ReboundsTrey Lyles
24.7%
(2012/13) - TOP 5 PointsCorey Brewer
22.2%
(2012/13) - TOP 5 AssistsCorey Brewer
22.2%
(2013/14) - TOP 5 AssistsAaron Brooks
13.6%
(2015/16) - TOP 5 ReboundsJoffrey Lauvergne
9.9%
Remove Ads.
Support Sporcle.
Get the best of Sporcle when you Go Orange. This ad-free experience offers more features, more stats, and more fun while also helping to support Sporcle. Thank you for becoming a member.

You're not logged in!

Compare scores with friends on all Sporcle quizzes.
OR
Log In

Sporcle TV

Today on Sporcle TV


Watch our educational content, quiz creation guides, and fun videos on Sporcle TV.

Show Comments

Extras

Top Quizzes Today


Score Distribution

Paid Content

Your Account Isn't Verified!

In order to create a playlist on Sporcle, you need to verify the email address you used during registration. Go to your Sporcle Settings to finish the process.

Report this User

Report this user for behavior that violates our Community Guidelines.

Details: